[Event "EU-ch Hybrid U10"]
[Site "Tornelo INT"]
[Date "2021.10.15"]
[Round "7"]
[White "Skvortsov, Vladislav V"]
[Black "Brzezina, Piotr"]
[Result "0-1"]
[WhiteElo "1296"]
[BlackElo "1418"]
[PlyCount "138"]
[EventDate "2021.10.15"]
[EventType "swiss"]
[EventRounds "9"]
[EventCountry "NET"]
[SourceTitle "EXT 2023"]
[Source "ChessBase"]
[SourceDate "2022.10.05"]
[SourceVersion "1"]
[SourceVersionDate "2022.10.05"]
[SourceQuality "1"]
[WhiteTeam "Russia"]
[BlackTeam "Poland"]
[WhiteTeamCountry "RUS"]
[BlackTeamCountry "POL"]

1. e4 e5 2. Nf3 Nf6 3. Nxe5 d6 4. Nf3 Nxe4 5. Nc3 Nxc3 6. dxc3 Be7 7. Be2 0-0 8. 0-0 Nd7 9. Bf4 Nc5 10. Nd4 Ne6 11. Be3 Bf6 12. Qd2 Nxd4 13. cxd4 d5 14. Bd3 Be7 15. c3 c6 16. Qc2 f5 17. f4 Be6 18. Qe2 Rf6 19. Rae1 Bd6 20. Bf2 Rg6 21. Bg3 Qd7 22. Qc2 Rf8 23. Bh4 h6 24. Be2 Be7 25. Bg3 Bf7 26. Bh5 Rd6 27. Bxf7+ Kxf7 28. Re5 g6 29. Rfe1 Bf6 30. R5e3 Qc8 31. Qd2 Rdd8 32. Qe2 Rde8 33. Rxe8 Rxe8 34. Qxe8+ Qxe8 35. Rxe8 Kxe8 36. Kf2 g5 37. fxg5 Bxg5 38. Bd6 Bc1 39. Ba3 Kf7 40. g3 h5 41. Kf3 b6 42. h4 Ke6 43. Ke2 f4 44. gxf4 Bxf4 45. Bf8 Bg3 46. Bg7 Bxh4 47. Be5 Be7 48. Bb8 a6 49. Ba7 b5 50. Kf3 Kf5 51. Bb8 Bg5 52. b3 Bd2 53. c4 bxc4 54. bxc4 dxc4 55. Bd6 Bc3 56. Bc5 Bb2 57. Ke3 h4 58. Bd6 h3 59. Bh2 c3 60. Kd3 c2 61. Kxc2 Bxd4 62. Kb3 Be5 63. Bg1 Ke4 64. Kc4 Kf3 65. Kc5 Kg2 66. Kxc6 Kxg1 67. Kd5 Bb8 68. Kc6 h2 69. Kb7 Bf4 0-1

[Event "EU-ch Hybrid U10"]
[Site "Tornelo INT"]
[Date "2021.10.15"]
[Round "4"]
[White "Skvortsov, Vladislav V"]
[Black "Buchinger, Alexis"]
[Result "0-1"]
[WhiteElo "1296"]
[BlackElo "1614"]
[PlyCount "70"]
[EventDate "2021.10.15"]
[EventType "swiss"]
[EventRounds "9"]
[EventCountry "NET"]
[SourceTitle "EXT 2023"]
[Source "ChessBase"]
[SourceDate "2022.10.05"]
[SourceVersion "1"]
[SourceVersionDate "2022.10.05"]
[SourceQuality "1"]
[WhiteTeam "Russia"]
[BlackTeam "Germany"]
[WhiteTeamCountry "RUS"]
[BlackTeamCountry "GER"]

1. e4 c5 2. Nf3 a6 3. d4 cxd4 4. Nxd4 Nf6 5. Nc3 e5 6. Nb3 Bb4 7. Bd3 d5 8. exd5 Nxd5 9. Bd2 Nxc3 10. bxc3 Bd6 11. 0-0 Be6 12. Be4 Nc6 13. Qf3 Rc8 14. Qg3 g6 15. Rad1 Qc7 16. Bg5 f5 17. Bxc6+ bxc6 18. Qd3 Be7 19. Bxe7 Kxe7 20. Nc5 Rhd8 21. Qh3 h5 22. Qh4+ Kf7 23. Nxe6 Kxe6 24. Qg5 Kf7 25. Qh6 Rxd1 26. Rxd1 Rd8 27. Rb1 Rb8 28. Rd1 Rd8 29. Re1 Qd7 30. h3 Qd2 31. Qh7+ Kf6 32. Rb1 Qxc2 33. Rb7 Qc1+ 34. Kh2 Qf4+ 35. g3 Qxf2+ 0-1

[Event "EU-ch Hybrid U10"]
[Site "Tornelo INT"]
[Date "2021.10.15"]
[Round "9"]
[White "Skvortsov, Vladislav V"]
[Black "Gloeckler, Christian"]
[Result "1-0"]
[WhiteElo "1296"]
[BlackElo "1509"]
[PlyCount "229"]
[EventDate "2021.10.15"]
[EventType "swiss"]
[EventRounds "9"]
[EventCountry "NET"]
[SourceTitle "EXT 2023"]
[Source "ChessBase"]
[SourceDate "2022.10.05"]
[SourceVersion "1"]
[SourceVersionDate "2022.10.05"]
[SourceQuality "1"]
[WhiteTeam "Russia"]
[BlackTeam "Germany"]
[WhiteTeamCountry "RUS"]
[BlackTeamCountry "GER"]

1. e4 c5 2. Nf3 d6 3. d4 cxd4 4. Nxd4 Nf6 5. Nc3 a6 6. Be2 e5 7. Nb3 Be7 8. 0-0 0-0 9. Be3 Be6 10. f4 exf4 11. Bxf4 Nc6 12. Qd2 Ne5 13. Rad1 b5 14. a3 Rc8 15. Qe3 Qc7 16. Qg3 Rfd8 17. Nd4 Bd7 18. Bg5 Ng6 19. Bxf6 Bxf6 20. Rxf6 gxf6 21. Nd5 Qc5 22. Ne7+ Kh8 23. Nxc8 Bxc8 24. Qf2 Qg5 25. Nf3 Qf4 26. Qb6 Re8 27. Qxd6 Qe3+ 28. Kf1 Qxe4 29. Qxf6+ Kg8 30. Bd3 Qd5 31. Rd2 Qa2 32. Be2 Bb7 33. Kf2 Qb1 34. Ng5 Ne5 35. Qf5 Qxb2 36. Qxh7+ Kf8 37. Rd7 Nd3+ 38. Qxd3 Qf6+ 39. Nf3 Bxf3 40. Bxf3 Qh4+ 41. g3 Qxh2+ 42. Bg2 Qh5 43. Qf3 Qc5+ 44. Kf1 Qc4+ 45. Qd3 Qg4 46. Rd4 Qe6 47. Re4 Qf6+ 48. Bf3 Rd8 49. Qe2 Qa1+ 50. Kf2 Qxa3 51. Qe3 Qb2 52. Qh6+ Qg7 53. Qxg7+ Kxg7 54. Ke3 Kf6 55. Rd4 Rg8 56. Rd6+ Ke5 57. Rxa6 Rxg3 58. Ra5 Kd6 59. Rxb5 Rg1 60. c4 Rc1 61. Bd5 f5 62. Rb6+ Kc5 63. Rf6 Rf1 64. Rf8 Re1+ 65. Kf2 Re5 66. Kf3 Re1 67. Rxf5 Rf1+ 68. Ke4 Re1+ 69. Kd3 Rd1+ 70. Kc2 Rg1 71. Kb3 Rb1+ 72. Kc3 Rg1 73. Rf6 Rc1+ 74. Kd2 Rg1 75. Kd3 Rd1+ 76. Ke4 Re1+ 77. Kf5 Re2 78. Re6 Rf2+ 79. Ke5 Re2+ 80. Kf6 Rh2 81. Ke7 Rh7+ 82. Kd8 Rh8+ 83. Kd7 Rh7+ 84. Re7 Rh6 85. Kc7 Ra6 86. Kb7 Rb6+ 87. Ka7 Rb4 88. Rb7 Ra4+ 89. Kb8 Ra1 90. Kc7 Ra5 91. Kd7 Ra6 92. Rc7+ Kd4 93. Be6 Ra5 94. Kd6 Ra6+ 95. Rc6 Ra8 96. c5 Rd8+ 97. Bd7 Rh8 98. Rc8 Rh5 99. Be6 Rh1 100. c6 Rd1 101. Bd5 Rc1 102. c7 Rc5 103. Be6 Ra5 104. Rd8 Rc5 105. c8Q Rxc8 106. Rxc8 Ke4 107. Rc4+ Ke3 108. Ke5 Kd3 109. Bd5 Kd2 110. Ke4 Ke2 111. Rc2+ Kd1 112. Bb3 Ke1 113. Kf3 Kd1 114. Ke3 Ke1 115. Rc1# 1-0